| 000 | 00469nam a2200181 a 4500 | ||
|---|---|---|---|
| 001 | 4538 | ||
| 003 | CO-ViMGA | ||
| 008 | 141112s2004 ck r 000 u spa d | ||
| 040 |
_aCO-ViMGA _bspa _cCO-ViMGA |
||
| 082 | 0 | 4 | _a781.3 S346 |
| 100 | 1 |
_aSchoenberg, Arnold _955372 |
|
| 245 | 1 | 0 | _aFunciones estructurales de la armonia |
| 260 |
_aBarcelona : _bLabor, _c1993 |
||
| 300 | _a191 p : il | ||
| 490 | _aAnalisis | ||
| 650 | 1 | 4 |
_aARMONIA - MUSICA _955373 |
| 942 |
_2ddc _cBK |
||
| 999 |
_c16548 _d16548 |
||